[Event "Grand Prix-D"]
[Site "Winnipeg CAN"]
[Date "2003.12.09"]
[Round "5"]
[White "Anderson, George"]
[Black "Hogeveen Rutter, Alexander"]
[Result "1-0"]
[WhiteElo "1468"]
[BlackElo "1735"]
[PlyCount "50"]
[EventDate "2003.11.04"]
[EventType "tourn"]
[EventRounds "6"]
[EventCountry "CAN"]

1. e4 c5 2. b4 e6 3. bxc5 Bxc5 4. d4 Bb6 5. Bb2 d5 6. e5 Nc6 7. Nf3 Nge7 8. Bd3
O-O 9. Bxh7+ Kxh7 10. Ng5+ Kh6 11. Bc1 Ba5+ 12. c3 Kg6 13. h4 Bxc3+ 14. Nxc3
Qa5 15. h5+ Kh6 16. Qd3 Nf5 17. Nxe6+ Kh7 18. Nxf8+ Kg8 19. h6 Nxh6 20. Rxh6
gxh6 21. Nh7 Bf5 22. Nf6+ Kf8 23. Qe3 Rc8 24. Qxh6+ Ke7 25. Nfxd5+ Kd7 1-0

[Event "Grand Prix-D"]
[Site "Winnipeg CAN"]
[Date "2003.12.09"]
[Round "5"]
[White "Gibbons, Lorne"]
[Black "Liebzeit, Mick"]
[Result "1-0"]
[WhiteElo "1297"]
[BlackElo "1273"]
[PlyCount "93"]
[EventDate "2003.11.04"]
[EventType "tourn"]
[EventRounds "6"]
[EventCountry "CAN"]

1. d4 Nf6 2. c4 g6 3. Nc3 Bg7 4. Nf3 O-O 5. Bf4 d6 6. h3 c5 7. e3 e6 8. Be2 d5
9. cxd5 exd5 10. dxc5 Nc6 11. a3 Bd7 12. Qb3 Ne4 13. O-O Rc8 14. Nxe4 dxe4 15.
Nd2 Be6 16. Qc2 f5 17. Rad1 Qe7 18. b4 Ne5 19. Bh2 Rfd8 20. Nc4 Bf7 21. Nd6 Rc7
22. Bxe5 Bxe5 23. Nxf7 Kxf7 24. Qc4+ Kg7 25. Rxd8 Qxd8 26. Rd1 Rd7 27. Qb3
Rxd1+ 28. Qxd1 Qxd1+ 29. Bxd1 Bb2 30. b5 Bxa3 31. c6 bxc6 32. bxc6 Bd6 33. Ba4
Kf6 34. Kf1 Ke5 35. Bb3 g5 36. g4 f4 37. exf4+ gxf4 38. h4 f3 39. Ke1 Kf4 40.
Be6 a5 41. Kd1 e3 42. fxe3+ Kxe3 43. Ke1 a4 44. h5 a3 45. g5 Kf4 46. g6 Kg3 47.
g7 1-0

[Event "Grand Prix-D"]
[Site "Winnipeg CAN"]
[Date "2003.12.16"]
[Round "6"]
[White "Hogeveen Rutter, Alexander"]
[Black "Gibbons, Lorne"]
[Result "0-1"]
[WhiteElo "1509"]
[BlackElo "1284"]
[PlyCount "38"]
[EventDate "2003.11.04"]
[EventType "tourn"]
[EventRounds "6"]
[EventCountry "CAN"]

1. e4 e5 2. Nf3 Nc6 3. Bb5 Nge7 4. O-O d6 5. h3 g6 6. c3 Bg7 7. d4 a6 8. Ba4 b5
9. Bb3 exd4 10. cxd4 d5 11. e5 O-O 12. Nc3 Be6 13. Re1 h6 14. Be3 Qd7 15. Qd2
Bxh3 16. Bxh6 Qg4 17. Nh4 Bxh6 18. Qxh6 Nf5 19. f3 Qxd4+ 0-1

[Event "Grand SNAFU 2003-04"]
[Site "Kingston CAN"]
[Date "2003.12.14"]
[Round "1"]
[White "Coppin, Wayne"]
[Black "Carter, Steve"]
[Result "1/2-1/2"]
[WhiteElo "2014"]
[BlackElo "1600"]
[PlyCount "71"]
[EventDate "2003.12.14"]
[EventType "swiss"]
[EventRounds "10"]
[EventCountry "CAN"]

1. e4 c5 2. d4 cxd4 3. c3 dxc3 4. Nxc3 Nc6 5. Nf3 d6 6. Bc4 Nf6 7. e5 dxe5 8.
Qxd8+ Nxd8 9. Nxe5 Nd7 10. Bf4 Nxe5 11. Bxe5 Be6 12. Bb5+ Nc6 13. O-O-O a6 14.
Bxc6+ bxc6 15. Rhe1 Rd8 16. Bc7 Rd7 17. Bb6 Bd5 18. f3 e6 19. Bd4 Bb4 20. Nxd5
cxd5 21. Re2 O-O 22. Rc2 a5 23. a3 Bd6 24. Bb6 a4 25. g3 Rb8 26. Rc6 Rdb7 27.
Rxd6 Rxb6 28. Rxb6 Rxb6 29. Rd4 Rc6+ 30. Kd2 Rb6 31. Rxa4 Rxb2+ 32. Kc3 Rb8 33.
f4 h5 34. h3 Rb1 35. Rd4 Rg1 36. Rd3 1/2-1/2

[Event "Grand SNAFU 2003-04"]
[Site "Kingston CAN"]
[Date "2003.12.21"]
[Round "2"]
[White "Barbatbun, John"]
[Black "Sulek, Louis"]
[Result "0-1"]
[WhiteElo "1388"]
[BlackElo "1229"]
[PlyCount "102"]
[EventDate "2003.12.14"]
[EventType "swiss"]
[EventRounds "10"]
[EventCountry "CAN"]

1. e4 c5 2. Bc4 Nc6 3. Nf3 Nf6 4. d3 d6 5. h3 a6 6. Nc3 b5 7. Bd5 Bb7 8. a3 e6
9. Ba2 Be7 10. O-O O-O 11. Re1 Nd4 12. Be3 e5 13. Ne2 Nxf3+ 14. gxf3 Nd7 15.
Ng3 Bg5 16. Kh1 Kh8 17. Rg1 Bxe3 18. fxe3 Nb6 19. Qf1 d5 20. Nf5 g6 21. Nh6 Kg7
22. Ng4 f5 23. Nf2 fxe4 24. Ng4 Rxf3 25. Qg2 Qh4 26. Kh2 Bc8 27. Raf1 Bxg4 28.
Qxg4 Qxg4 29. hxg4 Raf8 30. Kg2 Rxe3 31. dxe4 Rxf1 32. Rxf1 Rxe4 33. Kh3 c4 34.
b3 Re2 35. Bb1 cxb3 36. cxb3 Re3+ 37. Kh4 Rxb3 38. Rd1 Rxa3 39. Rc1 Nc4 40. Rd1
Ne3 41. Rd2 Ra4 42. Kh3 Rxg4 43. Re2 Rg1 44. Rxe3 Rxb1 45. Rxe5 Rh1+ 46. Kg2
Rh5 47. Re7+ Kf6 48. Ra7 Ke5 49. Rxa6 Kd4 50. Rc6 b4 51. Kf1 Re5 0-1

[Event "Grand SNAFU 2003-04"]
[Site "Kingston CAN"]
[Date "2003.12.21"]
[Round "2"]
[White "De Lugt, Gerald"]
[Black "Coppin, Wayne"]
[Result "0-1"]
[WhiteElo "1682"]
[BlackElo "2014"]
[PlyCount "50"]
[EventDate "2003.12.14"]
[EventType "swiss"]
[EventRounds "10"]
[EventCountry "CAN"]

1. d4 c5 2. d5 f5 3. c4 g6 4. Bd2 Bg7 5. Bc3 Nf6 6. Nf3 d6 7. e3 O-O 8. Bd3 Na6
9. Qc2 Nb4 10. Bxb4 cxb4 11. O-O Bd7 12. Nd4 Rc8 13. Nd2 Nxd5 14. Qb3 Nc7 15.
Qxb4 Na6 16. Qb3 Nc5 17. Qc2 Nxd3 18. Qxd3 a6 19. Rab1 e5 20. Nc2 Be6 21. b3 d5
22. cxd5 e4 23. Qe2 Rxc2 24. dxe6 Qxd2 25. Qxd2 Rxd2 0-1

[Event "Grand SNAFU 2003-04"]
[Site "Kingston CAN"]
[Date "2003.12.21"]
[Round "2"]
[White "Sibbald, Peter"]
[Black "Hutchison, Robert"]
[Result "1-0"]
[WhiteElo "1999"]
[BlackElo "1804"]
[PlyCount "89"]
[EventDate "2003.12.14"]
[EventType "swiss"]
[EventRounds "10"]
[EventCountry "CAN"]

1. e4 c6 2. d4 d5 3. e5 Na6 4. c3 Nc7 5. Bd3 b6 6. Bf4 e6 7. Nh3 Ne7 8. Bg5 Qd7
9. O-O Ba6 10. Bxa6 Nxa6 11. Nd2 h6 12. Be3 Nf5 13. Qe2 Nc7 14. a4 Be7 15. Nf4
g6 16. b4 O-O 17. Qg4 Kh7 18. Nb3 Rg8 19. Bd2 c5 20. bxc5 bxc5 21. Nxc5 Bxc5
22. dxc5 Na6 23. Nd3 Rac8 24. Qh3 h5 25. g4 Ng7 26. Qe3 g5 27. Qxg5 Nf5 28.
Qxh5+ Kg7 29. gxf5 Kf8+ 30. Kh1 d4 31. Bh6+ Ke8 32. fxe6 Qxe6 33. Bd2 Qd5+ 34.
f3 dxc3 35. Qf5 Rd8 36. Bxc3 Qxd3 37. Qxd3 Rxd3 38. Be1 Nxc5 39. Bf2 Nb3 40.
Rab1 a6 41. Bg3 Ke7 42. Rbd1 Rc3 43. Rd6 a5 44. Bh4+ Ke8 45. Rd8# 1-0

[Event "Grand SNAFU 2003-04"]
[Site "Kingston CAN"]
[Date "2003.12.28"]
[Round "3"]
[White "Coppin, Wayne"]
[Black "De la Parra, Francisco"]
[Result "1-0"]
[WhiteElo "2014"]
[BlackElo "1778"]
[PlyCount "55"]
[EventDate "2003.12.14"]
[EventType "swiss"]
[EventRounds "10"]
[EventCountry "CAN"]

1. e4 e5 2. Nf3 Nc6 3. Nc3 d6 4. Bc4 Be7 5. Nd5 Na5 6. Be2 Nf6 7. Nxe7 Qxe7 8.
d3 h6 9. O-O c5 10. c3 Nc6 11. Ne1 g5 12. Nc2 Be6 13. Ne3 O-O-O 14. Qa4 Kb8 15.
Re1 d5 16. exd5 Nxd5 17. Nxd5 Bxd5 18. Be3 f5 19. Qb5 Nd4 20. cxd4 cxd4 21. Bd2
Bc6 22. Qb4 Qd7 23. Rac1 h5 24. Bxg5 Rdg8 25. h4 Rxg5 26. hxg5 h4 27. Qc5 Re8
28. Bh5 1-0

[Event "Grand SNAFU 2003-04"]
[Site "Kingston CAN"]
[Date "2003.12.28"]
[Round "3"]
[White "Murray, Brian"]
[Black "Letourneau, Allan"]
[Result "0-1"]
[WhiteElo "1494"]
[BlackElo "1222"]
[PlyCount "29"]
[EventDate "2003.12.14"]
[EventType "swiss"]
[EventRounds "10"]
[EventCountry "CAN"]

1. d4 e6 2. Nc3 d5 3. e4 dxe4 4. f3 exf3 5. Nxf3 c6 6. Bc4 Bb4 7. O-O Nd7 8.
Qe2 Nb6 9. Bb3 Nf6 10. Bg5 h6 11. Bxf6 Qxf6 12. Ne5 Qh4 13. Rxf7 Qxd4+ 14. Kh1
Nd5 15. Qh5 0-1

[Event "Grand SNAFU 2003-04"]
[Site "Kingston CAN"]
[Date "2004.01.04"]
[Round "4"]
[White "De la Parra, Francisco"]
[Black "Gordon, David"]
[Result "0-1"]
[WhiteElo "1778"]
[BlackElo "1761"]
[PlyCount "64"]
[EventDate "2003.12.14"]
[EventType "swiss"]
[EventRounds "10"]
[EventCountry "CAN"]

1. e4 c6 2. d4 d5 3. e5 c5 4. c3 Nc6 5. Bb5 cxd4 6. Qxd4 e6 7. Nf3 Bd7 8. Bxc6
bxc6 9. O-O Ne7 10. Be3 Ng6 11. b4 Qc7 12. Nbd2 Be7 13. Nb3 O-O 14. Rad1 f6 15.
exf6 Bxf6 16. Qd2 e5 17. Bc5 Rfe8 18. c4 d4 19. Ng5 Bg4 20. f3 Bf5 21. Ne4 Be7
22. Rfe1 Rad8 23. Bxe7 Qxe7 24. c5 Be6 25. Nd6 Rf8 26. Na5 Bd5 27. Ne4 Rf4 28.
Nb3 Nh4 29. Nxd4 Bxe4 30. Qxf4 exf4 31. Rxe4 Qg5 32. Rd2 Rxd4 0-1

[Event "Grand SNAFU 2003-04"]
[Site "Kingston CAN"]
[Date "2004.01.04"]
[Round "4"]
[White "Hutchison, Robert"]
[Black "Jordan, Harry"]
[Result "1-0"]
[WhiteElo "1804"]
[BlackElo "1623"]
[PlyCount "63"]
[EventDate "2003.12.14"]
[EventType "swiss"]
[EventRounds "10"]
[EventCountry "CAN"]

1. Nf3 c5 2. c4 Nf6 3. d4 cxd4 4. Nxd4 Nc6 5. Bf4 Nxd4 6. Qxd4 d6 7. Qd2 Ne4 8.
Qc1 e5 9. Be3 Be6 10. f3 Qa5+ 11. Nd2 Nc5 12. Bf2 Rc8 13. e4 d5 14. exd5 Bf5
15. Bxc5 Bxc5 16. a3 Be3 17. b4 Qa4 18. Ra2 O-O 19. Be2 Rfe8 20. Qd1 Qxd1+ 21.
Kxd1 e4 22. Nxe4 Bxe4 23. fxe4 Rxe4 24. Bd3 Rd4 25. Kc2 Rdxc4+ 26. Bxc4 Rxc4+
27. Kd3 Rd4+ 28. Kxe3 Rxd5 29. Rc1 f6 30. Rc8+ Kf7 31. Rc7+ Ke6 32. Rxg7 1-0

[Event "Grand SNAFU 2003-04"]
[Site "Kingston CAN"]
[Date "2004.01.04"]
[Round "4"]
[White "Sibbald, Peter"]
[Black "Coppin, Wayne"]
[Result "0-1"]
[WhiteElo "1999"]
[BlackElo "2014"]
[PlyCount "32"]
[EventDate "2003.12.14"]
[EventType "swiss"]
[EventRounds "10"]
[EventCountry "CAN"]

1. e4 e5 2. f4 exf4 3. Nf3 Be7 4. Bc4 Bh4+ 5. Kf1 d5 6. Bxd5 Nf6 7. Nc3 O-O 8.
Nxh4 Nxd5 9. Nxd5 Qxh4 10. Nxc7 Nc6 11. Nxa8 Nd4 12. d3 f3 13. gxf3 Bh3+ 14.
Kg1 Nxf3+ 15. Qxf3 Qe1+ 16. Qf1 Qxf1# 0-1

[Event "Grand SNAFU 2003-04"]
[Site "Kingston CAN"]
[Date "2004.01.11"]
[Round "5"]
[White "Sibbald, Peter"]
[Black "Letourneau, Ryan"]
[Result "1-0"]
[WhiteElo "1999"]
[BlackElo "1445"]
[PlyCount "63"]
[EventDate "2003.12.14"]
[EventType "swiss"]
[EventRounds "10"]
[EventCountry "CAN"]

1. e4 e5 2. f4 d6 3. Nf3 Bg4 4. Bc4 Nf6 5. Nc3 Nc6 6. d3 Be7 7. Be3 a6 8. a3
Qd7 9. O-O Bxf3 10. Qxf3 O-O 11. f5 Kh8 12. g4 Qd8 13. Kh1 Ng8 14. Nd5 f6 15.
c3 Na5 16. Ba2 Qd7 17. b4 Nc6 18. Rg1 Rad8 19. Rg3 Nb8 20. Rh3 h6 21. Rg1 c6
22. Nb6 Qe8 23. Be6 d5 24. exd5 cxd5 25. Nxd5 Nd7 26. Nc7 Kh7 27. Nxe8 Rfxe8
28. g5 fxg5 29. Bxg5 Bxg5 30. Rxg5 Ndf6 31. Bxg8+ Rxg8 32. Rg6 1-0

[Event "Grand SNAFU 2003-04"]
[Site "Kingston CAN"]
[Date "2004.01.18"]
[Round "6"]
[White "Dixon, Frank"]
[Black "Hutchison, Robert"]
[Result "1-0"]
[WhiteElo "1984"]
[BlackElo "1804"]
[PlyCount "60"]
[EventDate "2003.12.14"]
[EventType "swiss"]
[EventRounds "10"]
[EventCountry "CAN"]

1. d4 d5 2. Nf3 e6 3. e3 Nf6 4. Bd3 Be7 5. Nbd2 O-O 6. O-O c6 7. b3 Nbd7 8. Bb2
b6 9. c4 Bb7 10. Qc2 h6 11. Ne5 Rc8 12. f4 c5 13. Rae1 cxd4 14. exd4 dxc4 15.
bxc4 Nd5 16. Qb1 Nb4 17. Be2 Nf6 18. a3 Nc6 19. Ndf3 Na5 20. Bd3 Ba6 21. Nd2
Rc7 22. Rc1 Nc6 23. Nxc6 Rxc6 24. Nf3 Rc7 25. Ne5 Qd6 26. Rf3 Rfc8 27. g4 Qd8
28. g5 hxg5 29. fxg5 Nd7 30. Bh7+ Kh8 1-0

[Event "Grand SNAFU 2003-04"]
[Site "Kingston CAN"]
[Date "2004.01.18"]
[Round "6"]
[White "Panjwani, Dilip"]
[Black "Murray, Brian"]
[Result "1-0"]
[WhiteElo "1746"]
[BlackElo "1494"]
[PlyCount "65"]
[EventDate "2003.12.14"]
[EventType "swiss"]
[EventRounds "10"]
[EventCountry "CAN"]

1. e4 d5 2. exd5 Nf6 3. d4 Nxd5 4. c4 Nb6 5. Nc3 Nc6 6. Be3 Bf5 7. Nf3 Nb4 8.
Rc1 e6 9. a3 Nc6 10. Be2 Be7 11. b4 O-O 12. O-O Bf6 13. Qd2 e5 14. d5 e4 15.
Nd4 Nxd4 16. Bxd4 c6 17. Bxf6 Qxf6 18. d6 Rad8 19. c5 Nd7 20. f3 exf3 21. Bxf3
Ne5 22. Ne2 Nxf3+ 23. Rxf3 Qg6 24. Rg3 Qf6 25. Rf1 g6 26. Nd4 Kh8 27. Nxf5 gxf5
28. Rgf3 Rg8 29. Rxf5 Rxg2+ 30. Qxg2 Qd4+ 31. Qf2 Rg8+ 32. Kh1 Qe4+ 33. Qf3 1-0

[Event "Guelph Pro-Am int."]
[Site "Guelph CAN"]
[Date "2003.08.04"]
[Round "1"]
[White "Bellon Lopez, Juan Manuel"]
[Black "Stevens, Christian"]
[Result "0-1"]
[WhiteElo "2450"]
[BlackElo "2251"]
[PlyCount "106"]
[EventDate "2003.08.04"]
[EventType "swiss"]
[EventRounds "9"]
[EventCountry "CAN"]
[Source "CFC"]
[SourceDate "2003.10.??"]

1. d4 d5 2. Nc3 Nf6 3. Bg5 c5 4. Bxf6 gxf6 5. e4 dxe4 6. dxc5 Qa5 7. Qd5 a6 8.
Qc4 Nc6 9. Rd1 f5 10. Be2 Bg7 11. Kf1 Be6 12. Nd5 O-O 13. Nh3 Bxd5 14. Rxd5 e6
15. Rd1 Rfd8 16. c3 Ne5 17. Qb3 Rxd1+ 18. Bxd1 Qb5+ 19. Be2 Qxb3 20. axb3 Nd7
21. g4 fxg4 22. Bxg4 Nxc5 23. Rg1 Kf8 24. Bh5 h6 25. f3 Nxb3 26. fxe4 Nd2+ 27.
Ke2 Nxe4 28. Rf1 Nd6 29. Nf4 Ke7 30. Nd3 Rc8 31. Bf3 Rc4 32. h3 a5 33. Rg1 Kf8
34. Ra1 b6 35. Nf2 Ke7 36. Ng4 f5 37. Ne3 Rc5 38. Rg1 Bf6 39. Rg6 Bg5 40. Rg7+
Kf6 41. Rd7 Re5 42. Rxd6 Bxe3 43. Kd1 Bc5 44. Rc6 Kg5 45. Be2 Re3 46. Bc4 e5
47. h4+ Kxh4 48. Rxh6+ Kg3 49. Kd2 Re4 50. Rg6+ Rg4 51. Rxg4+ Kxg4 52. Be6 e4
53. Ke2 Kf4 0-1

[Event "Guelph Pro-Am int."]
[Site "Guelph CAN"]
[Date "2003.08.04"]
[Round "1"]
[White "Bolduc, Steve"]
[Black "Rolfe, Warrick"]
[Result "1-0"]
[WhiteElo "2258"]
[BlackElo "2090"]
[PlyCount "65"]
[EventDate "2003.08.04"]
[EventType "swiss"]
[EventRounds "9"]
[EventCountry "CAN"]

1. d4 Nf6 2. c4 e6 3. Nc3 Bb4 4. f3 d5 5. a3 Bxc3+ 6. bxc3 h6 7. cxd5 exd5 8.
Qc2 O-O 9. e3 b6 10. Ne2 Ba6 11. Ng3 Bxf1 12. Rxf1 Re8 13. Kf2 c5 14. a4 Nc6
15. Ba3 cxd4 16. cxd4 Rc8 17. Qd3 Na5 18. Rae1 Nc4 19. Bc1 Qd7 20. Kg1 Qxa4 21.
e4 Na5 22. Nf5 Qc2 23. Qa3 Rc3 24. Qd6 Qa4 25. Bxh6 Re6 26. Qb8+ Re8 27. Qg3 g6
28. Qh4 Nh7 29. exd5 Ra8 30. Re7 Rc2 31. Rxf7 gxf5 32. Qh5 Qxd4+ 33. Kh1 1-0

[Event "Guelph Pro-Am int."]
[Site "Guelph CAN"]
[Date "2003.08.05"]
[Round "2"]
[White "Hamilton, Robert"]
[Black "Arencibia, Walter"]
[Result "1-0"]
[WhiteElo "2395"]
[BlackElo "2553"]
[PlyCount "67"]
[EventDate "2003.08.04"]
[EventType "swiss"]
[EventRounds "9"]
[EventCountry "CAN"]
[Source "CFC"]
[SourceDate "2003.10.??"]

1. d4 Nf6 2. c4 e6 3. Nc3 Bb4 4. e3 c5 5. Bd3 d5 6. Nf3 dxc4 7. Bxc4 Nc6 8. O-O
O-O 9. a3 Ba5 10. dxc5 Bxc3 11. bxc3 Qa5 12. Qe2 Qxc5 13. e4 Ne5 14. Nxe5 Qxe5
15. Bd3 Bd7 16. f4 Qxc3 17. Bb2 Qc5+ 18. Kh1 Qe7 19. Rf3 Bc6 20. Rh3 h6 21. Re1
Rfd8 22. Bb1 Rac8 23. Rg3 Rc7 24. Bc3 b6 25. h3 Bb7 26. Bb4 Qd7 27. e5 Ne8 28.
Qh5 Qc6 29. f5 a5 30. f6 axb4 31. fxg7 f5 32. exf6 Nxf6 33. Qxh6 Qd6 34. Bg6
1-0

[Event "Guelph Pro-Am int."]
[Site "Guelph CAN"]
[Date "2003.08.05"]
[Round "2"]
[White "Hutters, Tomas"]
[Black "Bolduc, Steve"]
[Result "1-0"]
[WhiteElo "2400"]
[BlackElo "2259"]
[PlyCount "79"]
[EventDate "2003.08.04"]
[EventType "swiss"]
[EventRounds "9"]
[EventCountry "CAN"]

1. d4 d5 2. c4 dxc4 3. Nf3 Nf6 4. e3 e6 5. Bxc4 a6 6. a4 c5 7. O-O Nc6 8. Nc3
Qc7 9. b3 cxd4 10. exd4 Be7 11. Qe2 O-O 12. Bg5 Rd8 13. Rfd1 Na5 14. Ne5 Bd7
15. Ne4 Nxc4 16. bxc4 Bc6 17. Nxf6+ Bxf6 18. Bxf6 gxf6 19. Qg4+ Kf8 20. Nxc6
Qxc6 21. Qh4 Qxc4 22. Qxf6 Rac8 23. Qh6+ Ke7 24. Qh4+ Kf8 25. Qxh7 Qc2 26. Qh6+
Ke7 27. Qg5+ Kf8 28. h4 Qg6 29. Qa5 Rd5 30. Qb4+ Kg7 31. Ra3 Kh7 32. Qxb7 Rg8
33. Rg3 Qh5 34. Qb1+ Rf5 35. d5 Qxh4 36. dxe6 fxe6 37. Rd7+ Kh6 38. Qc1+ Rfg5
39. Qc7 Qe4 40. Rh7+ 1-0

[Event "Guelph Pro-Am int."]
[Site "Guelph CAN"]
[Date "2003.08.06"]
[Round "3"]
[White "Bolduc, Steve"]
[Black "Cramling, Pia"]
[Result "0-1"]
[WhiteElo "2259"]
[BlackElo "2488"]
[PlyCount "96"]
[EventDate "2003.08.04"]
[EventType "swiss"]
[EventRounds "9"]
[EventCountry "CAN"]

1. d4 d5 2. c4 c6 3. Nf3 Nf6 4. Nc3 dxc4 5. a4 Bf5 6. Ne5 Na6 7. Nxc4 Nb4 8.
Ne3 Bg6 9. g3 e6 10. Bg2 a5 11. O-O Be7 12. f4 Bf5 13. Nxf5 exf5 14. e3 h5 15.
Bd2 h4 16. Be1 Qd6 17. Qe2 O-O-O 18. Rc1 Qe6 19. h3 hxg3 20. Bxg3 Kb8 21. Rfd1
Bd6 22. Qf3 Rde8 23. Bf2 Nfd5 24. Nxd5 Nxd5 25. Bf1 Nxe3 26. Bxe3 Qxe3+ 27.
Qxe3 Rxe3 28. d5 c5 29. Rc4 Rh4 30. Kf2 Re4 31. Rxe4 fxe4 32. f5 Rf4+ 33. Ke3
Rxf5 34. Kxe4 Rf4+ 35. Kd3 Rxa4 36. Kc2 Rf4 37. b3 Rf2+ 38. Kc3 Rf3+ 39. Kc2
Kc7 40. Bg2 Rg3 41. Bf1 Be5 42. Rd3 Rg1 43. Rf3 f6 44. Kd3 Kd6 45. Ke4 g6 46.
Bc4 Rc1 47. Rf1 Rc3 48. Bd3 Rxb3 0-1

[Event "Guelph Pro-Am int."]
[Site "Guelph CAN"]
[Date "2003.08.06"]
[Round "4"]
[White "Voloaca, Mihnea"]
[Black "Bolduc, Steve"]
[Result "1/2-1/2"]
[WhiteElo "2217"]
[BlackElo "2259"]
[PlyCount "45"]
[EventDate "2003.08.04"]
[EventType "swiss"]
[EventRounds "9"]
[EventCountry "CAN"]

1. d4 d5 2. Nf3 Nf6 3. c4 dxc4 4. e3 e6 5. Bxc4 a6 6. a4 c5 7. O-O Nc6 8. Qe2
Qc7 9. Nc3 Bd6 10. Rd1 O-O 11. h3 h6 12. Bd2 Bd7 13. Rac1 cxd4 14. exd4 Rae8
15. Ne4 Nxe4 16. Qxe4 Qb8 17. Qh4 Ne7 18. Bd3 Nf5 19. Bxf5 exf5 20. Re1 Bc6 21.
Bxh6 gxh6 22. Qxh6 Bxf3 23. Qg5+ 1/2-1/2

[Event "Guelph Pro-Am int."]
[Site "Guelph CAN"]
[Date "2003.08.07"]
[Round "5"]
[White "Bolduc, Steve"]
[Black "Raheb, David"]
[Result "0-1"]
[WhiteElo "2259"]
[BlackElo "2169"]
[PlyCount "78"]
[EventDate "2003.08.04"]
[EventType "swiss"]
[EventRounds "9"]
[EventCountry "CAN"]

1. d4 Nf6 2. c4 g6 3. Nc3 Bg7 4. e4 d6 5. Nge2 O-O 6. Ng3 c5 7. d5 e6 8. Be2 b5
9. Nxb5 exd5 10. exd5 a6 11. Nc3 Nbd7 12. O-O Rb8 13. Qc2 Ne8 14. Be3 f5 15. f4
Ndf6 16. Rab1 Rf7 17. h3 Re7 18. Bd2 h5 19. Bf3 Ng4 20. hxg4 Bd4+ 21. Rf2 fxg4
22. Be4 h4 23. Nf1 g3 24. Be3 gxf2+ 25. Qxf2 Nf6 26. Bxd4 cxd4 27. Qxd4 Nxe4
28. Nxe4 Rxe4 29. Qxe4 Bf5 30. Qe1 Bxb1 31. Qxb1 Qf6 32. b3 Kg7 33. Qe4 Rf8 34.
Ne3 Rf7 35. Qe6 Qxf4 36. c5 dxc5 37. Nc4 Qd4+ 38. Kh2 Rf1 39. Qe2 Qf4+ 0-1

[Event "Guelph Pro-Am int."]
[Site "Guelph CAN"]
[Date "2003.08.07"]
[Round "5"]
[White "Stevens, Christian"]
[Black "Peredun, Andrew"]
[Result "1-0"]
[WhiteElo "2251"]
[BlackElo "2305"]
[PlyCount "47"]
[EventDate "2003.08.04"]
[EventType "swiss"]
[EventRounds "9"]
[EventCountry "CAN"]
[Source "CFC"]
[SourceDate "2003.10.??"]

1. c4 e5 2. Nc3 Nf6 3. Nf3 e4 4. Ng5 b5 5. d3 Bb4 6. dxe4 Qe7 7. Bd2 O-O 8. a3
Bxc3 9. Bxc3 Nxe4 10. Nxe4 Qxe4 11. cxb5 a6 12. bxa6 c5 13. Qd6 Nxa6 14. Rd1
Bb7 15. Qxd7 Rab8 16. f3 Qe3 17. Qd2 Qe7 18. Qd6 Qe3 19. Qe5 Qh6 20. e4 f6 21.
Qe6+ Kh8 22. Bxa6 Rbe8 23. Qc4 Bxe4 24. O-O 1-0

[Event "Guelph Pro-Am int."]
[Site "Guelph CAN"]
[Date "2003.08.07"]
[Round "6"]
[White "Mikanovic, Goran"]
[Black "Legky, Nikolay"]
[Result "1-0"]
[WhiteElo "2322"]
[BlackElo "2547"]
[PlyCount "141"]
[EventDate "2003.08.04"]
[EventType "swiss"]
[EventRounds "9"]
[EventCountry "CAN"]
[Source "CFC"]
[SourceDate "2003.10.??"]

1. d4 Nf6 2. c4 c5 3. d5 e6 4. Nc3 exd5 5. cxd5 Bd6 6. Nf3 Bc7 7. g3 d6 8. Bg2
O-O 9. O-O a6 10. a4 Re8 11. h3 Nbd7 12. Nd2 Rb8 13. e4 b5 14. axb5 axb5 15. f4
c4 16. b4 cxb3 17. Bb2 Nc5 18. Kh2 b4 19. Ne2 Ba6 20. Rxa6 Nxa6 21. Nd4 Rb6 22.
Nc6 Qd7 23. Qxb3 Nc5 24. Qc4 b3 25. Qd4 Ra8 26. Nc4 Na4 27. e5 Nxb2 28. Nxb6
Bxb6 29. Qxb6 Nc4 30. Qd4 dxe5 31. Qxc4 exf4 32. Qxb3 fxg3+ 33. Qxg3 Kh8 34.
Rb1 h6 35. Rb8+ Rxb8 36. Qxb8+ Kh7 37. Qe5 Ne8 38. Qe7 Qxe7 39. Nxe7 Nd6 40.
Kg3 f6 41. Bf1 g6 42. Bd3 f5 43. Kf4 Kg7 44. Ke5 Nf7+ 45. Kd4 Kf6 46. Nc8 h5
47. Bb5 h4 48. d6 g5 49. Be2 g4 50. hxg4 fxg4 51. Bxg4 Nxd6 52. Nxd6 h3 53.
Bxh3 Kg6 54. Ke5 Kg7 55. Bf5 Kf8 56. Kf6 Kg8 57. Nf7 Kf8 58. Bh7 Ke8 59. Ne5
Kf8 60. Nd7+ Ke8 61. Ke6 Kd8 62. Kd6 Ke8 63. Bg6+ Kd8 64. Nc5 Kc8 65. Bh5 Kd8
66. Nb7+ Kc8 67. Kc6 Kb8 68. Kb6 Kc8 69. Bg4+ Kb8 70. Nc5 Ka8 71. Bf5 1-0

[Event "Guelph Pro-Am int."]
[Site "Guelph CAN"]
[Date "2003.08.07"]
[Round "6"]
[White "Peredun, Andrew"]
[Black "Predescu, Sebastian"]
[Result "1-0"]
[WhiteElo "2305"]
[BlackElo "2244"]
[PlyCount "33"]
[EventDate "2003.08.04"]
[EventType "swiss"]
[EventRounds "9"]
[EventCountry "CAN"]
[Source "CFC"]
[SourceDate "2003.10.??"]

1. e4 c5 2. Nf3 d6 3. d4 cxd4 4. Nxd4 Nf6 5. Nc3 a6 6. Bc4 e6 7. Bb3 Nbd7 8.
Qe2 b5 9. Bg5 Nc5 10. O-O-O Qc7 11. f4 Bb7 12. e5 dxe5 13. fxe5 Nfe4 14. Nxe4
Nxe4 15. Nxb5 axb5 16. Qxb5+ Bc6 17. Ba4 1-0

[Event "Guelph Pro-Am int."]
[Site "Guelph CAN"]
[Date "2003.08.08"]
[Round "7"]
[White "Bolduc, Steve"]
[Black "Legky, Nikolay"]
[Result "1/2-1/2"]
[WhiteElo "2259"]
[BlackElo "2482"]
[PlyCount "111"]
[EventDate "2003.08.04"]
[EventType "swiss"]
[EventRounds "9"]
[EventCountry "CAN"]

1. d4 d5 2. c4 dxc4 3. Nf3 Nf6 4. e3 e6 5. Bxc4 c5 6. O-O Nc6 7. Qe2 cxd4 8.
Rd1 Be7 9. exd4 O-O 10. Nc3 Na5 11. Bf4 Nxc4 12. Qxc4 b6 13. Ne5 Bb7 14. Nc6
Bxc6 15. Qxc6 Rc8 16. Qb7 Qd7 17. Qxd7 Nxd7 18. Nb5 a6 19. Na7 Ra8 20. Nc6 Bf6
21. Rac1 Rfc8 22. Bd6 b5 23. b3 Nb6 24. Be7 Nd5 25. Bxf6 gxf6 26. Rc5 Kf8 27.
g3 b4 28. a4 Rc7 29. Na5 Rac8 30. Rxc7 Rxc7 31. Nc4 Nc3 32. Rd2 Nxa4 33. Ra2
Nc3 34. Rxa6 Ne2+ 35. Kg2 Nxd4 36. Rb6 Nc2 37. Ne3 Nxe3+ 38. fxe3 Rc3 39. Rxb4
Rxe3 40. h4 f5 41. Rb8+ Kg7 42. b4 Rb3 43. b5 Kf6 44. b6 Ke5 45. Rh8 f4 46.
gxf4+ Kxf4 47. Rxh7 Rb2+ 48. Kh3 f5 49. b7 e5 50. Rg7 e4 51. h5 e3 52. h6 e2
53. Re7 Kf3 54. Rxe2 Rxb7 55. Re6 f4 56. Kh4 1/2-1/2

[Event "Guelph Pro-Am int."]
[Site "Guelph CAN"]
[Date "2003.08.09"]
[Round "8"]
[White "Moiseenko, Alexander"]
[Black "Castaneda, Nelson"]
[Result "1-0"]
[WhiteElo "2642"]
[BlackElo "2380"]
[PlyCount "75"]
[EventDate "2003.08.04"]
[EventType "swiss"]
[EventRounds "9"]
[EventCountry "CAN"]
[Source "CFC"]
[SourceDate "2003.10.??"]

1. d4 d5 2. c4 e6 3. Nf3 Nf6 4. Nc3 Be7 5. Bg5 O-O 6. e3 Nbd7 7. Bd3 h6 8. Bh4
c5 9. O-O cxd4 10. exd4 dxc4 11. Bxc4 Nb6 12. Bb3 Bd7 13. Qd3 Nfd5 14. Bg3 Nb4
15. Qe2 Bc6 16. a3 N4d5 17. Ne5 Nxc3 18. bxc3 Ba4 19. Ba2 Nd5 20. Qf3 Qa5 21.
c4 Nc3 22. Qxb7 Bxa3 23. Nxf7 Qb6 24. Qf3 Qxd4 25. Be5 Qxe5 26. Nxe5 Rxf3 27.
Nxf3 Bb2 28. Rae1 Bc2 29. Rxe6 a5 30. Rb6 Ba3 31. Ra1 Rd8 32. h4 Rd1+ 33. Rxd1
Bxd1 34. Bb3 a4 35. Bxd1 Nxd1 36. Ra6 Nc3 37. Ne5 Kf8 38. Nd7+ 1-0